Noçoes sobre o estado prehistorico da terra e do homem seguidas da descripçâo de alguns dolmins ou antas de Portugal = (Record no. 189526)
[ view plain ]
| 000 -LEADER | |
|---|---|
| campo de control de longitud fija | 01483nam a2200241 i 4500 |
| 001 - NÚMERO DE CONTROL | |
| campo de control | 189526 |
| 003 - IDENTIFICADOR DE NÚMERO DE CONTROL | |
| campo de control | SpMaBN |
| 005 - FECHA Y HORA DE LA ÚLTIMA TRANSACCIÓN | |
| campo de control | 20251014063307.0 |
| 008 - DATOS DE LONGITUD FIJA--INFORMACIÓN GENERAL | |
| campo de control de longitud fija | 190606s1868 po |||| | por d |
| 100 1# - ENTRADA PRINCIPAL--NOMBRE DE PERSONA | |
| Nombre de persona | Costa, Francisco A. Pereira da, |
| Fechas asociadas al nombre | 1809-1889 |
| 9 (RLIN) | 167301 |
| 245 10 - MENCIÓN DEL TÍTULO | |
| Título | Noçoes sobre o estado prehistorico da terra e do homem seguidas da descripçâo de alguns dolmins ou antas de Portugal = |
| Resto del título | Notions sur l'état prehistorique de la terre et de l'homme suivies de la description de quelques dolmens ou antas du Portugal / |
| Mención de responsabilidad, etc. | por F.A. Pereira da Costa ; com a traduçao franceza por M. Dalhunty. |
| 246 3# - FORMA VARIANTE DEL TITULO | |
| Título propio/Titulo breve | Notions sur l'état prehistorique de la terre et de l'homme suivies de la description de quelques dolmens ou antas du Portugal |
| 246 3# - FORMA VARIANTE DEL TITULO | |
| Título propio/Titulo breve | Monumentos prehistoricos : |
| Resto del título | descripçao de alguns dolmins ou antas de Portugal |
| 260 ## - PUBLICACIÓN, DISTRIBUCIÓN, ETC. | |
| Lugar de publicación, distribución, etc. | Lisboa : |
| Nombre del editor, distribuidor, etc. | Typ. da Academia Real das Sciencias, |
| Fecha de publicación, distribución, etc. | 1868. |
| 300 ## - DESCRIPCIÓN FÍSICA | |
| Extensión | VIII, 97 p., III h. de lám. pleg. ; |
| Dimensiones | 33 cm. |
| 546 ## - NOTA DE IDIOMA | |
| Nota de lengua/lenguaje | Texto paralelo en portugués y francés. |
| 650 #4 - PUNTO DE ACCESO ADICIONAL DE MATERIA--TÉRMINO DE MATERIA | |
| Término de materia o nombre geográfico como elemento de entrada | Hombre prehistórico- |
| Subdivisión geográfica | Portugal. |
| 9 (RLIN) | 167302 |
| 651 #4 - PUNTO DE ACCESO ADICIONAL DE MATERIA--NOMBRE GEOGRÁFICO | |
| Nombre geográfico | Portugal- |
| Subdivisión general | Historia- |
| Subdivisión cronológica | Época prehistórica. |
| 9 (RLIN) | 161570 |
| 700 1# - ENTRADA AGREGADA--NOMBRE PERSONAL | |
| Nombre de persona | Dalhunty. M. |
| 9 (RLIN) | 126690 |
| 710 2# - ENTRADA AGREGADA--NOMBRE DE ENTIDAD CORPORATIVA | |
| Nombre de entidad corporativa o nombre de jurisdicción como elemento de entrada | Academia das Ciências de Lisboa. |
| 9 (RLIN) | 1159 |
| 852 ## - LOCALIZACIÓN | |
| Ubicación | ES-MaACL |
| Número de control de estantería | L-32428(3) |
| Nota libre | - Enc. cart. |
| -- | . - Legado Federico de Botella y de Hornos |
| -- | - Enc. en 1 vol. facticio, con nombre en el lomo de: "Portugal: geología, memorias y documentos varios" |
| Estatus retirado | Estado de pérdida | Estado de daño | No para préstamo | Colección | Biblioteca de origen | Biblioteca actual | Ubicación en estantería | Fecha de adquisición | Fuente de adquisición | Total de préstamos | Signatura topográfica completa | Código de barras | Visto por última vez | Precio de reemplazo | Tipo de ítem Koha |
|---|---|---|---|---|---|---|---|---|---|---|---|---|---|---|---|
| Libros del s. XIX | Biblioteca del Ateneo de Madrid | Biblioteca del Ateneo de Madrid | Depósito 2 | 06/06/2019 | L-32428(3) | 1200821 | 23/02/2023 | 23/02/2023 | Libro impreso antiguo |
